000 00614cam a2200205 4500500
005 20260329003106.0
041 _afre
042 _adc
100 1 0 _aRogé, Antoine
_eauthor
245 0 0 _aLe Who’s who de la “singularité”
260 _c2014.
500 _a79
690 _aCapitalisme
690 _aEntreprise
690 _aLibertarisme
690 _aSilicon Valley
690 _aTranshumanisme
786 0 _nPhilosophie magazine | 83 | 10 | 2014-10-01 | p. 33-33 | 1951-1787
856 4 1 _uhttps://shs.cairn.info/magazine-philosophie-magazine-2014-10-page-33?lang=fr&redirect-ssocas=7080
999 _c1821362
_d1821362